Derechos humanos ambientales, de salud y desarrollo sostenible en el Noroeste Argentino /
Guardado en:
| Formato: | Desconocido |
|---|---|
| Idioma: | Spanish |
| Publicado: |
Buenos Aires :
Departamento de Comunicación y Prensa de la Secretaría de Derechos Humanos del Ministerio de Justicia y Derechos Humanos de la Nación,
2005.
|
| Series: | Derechos Humanos para Todos Debates y Nuevos Desafíos
Ministerio de Justicia y Derechos Humanos |
| Materias: | |
| Etiquetas: |
Agregar Etiqueta
Sin Etiquetas, Sea el primero en etiquetar este registro!
|
| LEADER | 00741nac a22001575a 4500 | ||
|---|---|---|---|
| 001 | DER.der003726 | ||
| 008 | 180615s2005####ag#||||||||||||||#||spa|| | ||
| 005 | 20251218140954.0 | ||
| 245 | 1 | 0 | |a Derechos humanos ambientales, de salud y desarrollo sostenible en el Noroeste Argentino / |c Ministerio de Justicia y Derechos Humanos. |
| 260 | |a Buenos Aires : |b Departamento de Comunicación y Prensa de la Secretaría de Derechos Humanos del Ministerio de Justicia y Derechos Humanos de la Nación, |c 2005. | ||
| 300 | |a 60 p. | ||
| 440 | 0 | |a Derechos Humanos para Todos |p Debates y Nuevos Desafíos | |
| 830 | 0 | |a Ministerio de Justicia y Derechos Humanos | |
| 650 | 7 | |a DERECHOS AMBIENTAL | |
| 653 | |a DERECHOS HUMANOS | ||
| 859 | |a DERECHO |b BIB. DERECHO |h 346.046 |i MIN |p 005312 | ||
